| 000 | 00877nam a22002297a 4500 | ||
|---|---|---|---|
| 999 |
_c9487 _d9487 |
||
| 003 | AR-CdUCM | ||
| 008 | 190328b ||||| |||| 00| 0 spa d | ||
| 040 |
_aMUNICIPALIDAD PROVINCIAL DEL CUSCO _cBIBLIOTECA MUNICIPAL DEL CUSCO |
||
| 082 |
_a869.56 / _bM86C / 1960 |
||
| 100 |
_aMoreno Jimeno, Manuel _915054 |
||
| 245 | _aEl corazón ardiendo / | ||
| 260 |
_aLima : _bTaller de Artes Gráficas Ícaro, _c1960. |
||
| 300 |
_a[s.n] ; _c14 cm. |
||
| 440 |
_aForma y poesía _n : 4 _925709 |
||
| 500 | _aDonación de la familia Nieto. Impreso a mano en papel piedra liza de 140 gramos con caracteres medievales. Dibujo de José Luis Cuevas. | ||
| 650 |
_aPoesía peruana - Siglo XX _914083 |
||
| 650 |
_aPoetas peruanos - Lima _925710 |
||
| 650 |
_aPoetas contemporáneos _925711 |
||
| 650 |
_aManuel Moreno Jimeno - Poemas _925712 |
||
| 942 |
_2ddc _cLIBROS |
||
| 945 | _alccs | ||